Представление документа в формате RUSMARC

ПолеНазваниеЗначение
  Тип записи a
  Библиографический уровень m
001 Контрольный номер RU/SLIB/B/208711744
005 Дата корректировки 20251106162129.4
010 Индекс ISBN __
d Цена 43-00
100 Данные общей обработки __
a Данные общей обработки 20251106d1997 m y0rusy028902 ca
101 Язык документа 0_
a Язык текста rus
102 Страна публикации __
a Страна публикации RU
181 Поле кодированных данных: вид содержания _0
a Код вида содержания (ISBD) i
182 Поле кодированных данных: тип средства _0
a Код типа средства (ISBD) n
200 Заглавие и сведения об ответственности 1_
a Заглавие Музей имени Н. К. Рериха в Москве
f Первые сведения об ответственности авт.-сост. Т. О. Книжник
203 Вид содержания и тип средства __
a Вид содержания Текст
c Тип средства непосредственный
210 Выходные данные 1_
a Место издания М.
c Издательство Междунар. Центр Рерихов
d Дата издания 1997
215 Физическое описание __
a Объем 40 с.
c Иллюстрации/тип воспроизводства ил.
600 Персоналии _1
a Персоналии (Фамилия) Рерих, Н. К.
f Даты 1874-1947
g Полное имя Николай Константинович
2 Код системы nlr_sh
601 Наименование организации как предмет 02
a Наименование организации как предмет Музей им. Н. К. Рериха
2 Код системы nlr_sh
606 Тематические рубрики __
a Основная рубрика Изобразительное искусство и архитектура
2 Код системы nlr_sh
606 Тематические рубрики __
a Основная рубрика Изобразительное искусство в целом
2 Код системы nlr_sh
610 Ключевые слова 0_
a Ключевые слова художники; просветители; музеи; персоналии; репродукции
686 Индексы других классификаций __
2 Код системы rubbks
a Классификационный индекс 85.101.3(2-2Москва)-2
702 Вторичная интеллектуальная ответственность _1
a Фамилия Книжник
b Имя Т. О.
4 Код отношения 220
801 Источник записи _0
a Страна RU
b Организация Муниципальное бюджетное учреждение культуры "Централизованная библиотечная система" г. Сургут (Центральная городская библиотека им. А. С. Пушкина)
g Правила каталогизации PSBO
c Дата составления 19991018
801 Источник записи _1
a Страна RU
b Организация Муниципальное бюджетное учреждение культуры "Централизованная библиотечная система" г. Сургут (Центральная городская библиотека им. А. С. Пушкина)
g Правила каталогизации PSBO
c Дата составления 19991018
852 Данные о местонахождении __
j Шифр хранения 85.101.3(2-2Москва)-2
c Каталожный индекс 85.143(2)6-8л6
i Авторский знак М 89
p Инвентарный номер Б/Н
901 Тип документа __
t Тип документа m
a Ответственный ОБ/Бутенко
901 Тип документа __
a Ответственный СКБР2025
903 Характеристики (МАРС) __
a Дата передачи 19991018
c Наименование библиотеки (МАРС) Муниципальное бюджетное учреждение культуры "Централизованная библиотечная система" г. Сургут (Центральная городская библиотека им. А. С. Пушкина)
990 Данные о заказе (DOS) 00
d Дата исполнения (DOS) 19990921
h N записи в КСУ для Б/У (DOS) 199909
j Количество экземпляров (DOS) 1